|
|
|
|
| LEADER |
00000nam0a2200000 4500 |
| 001 |
343217 |
| 005 |
20231102005533.0 |
| 010 |
|
|
|a 9785902514930
|
| 035 |
|
|
|a (RuTPU)RU\TPU\book\373075
|
| 090 |
|
|
|a 343217
|
| 100 |
|
|
|a 20190715d2019 km y0rusy50 ca
|
| 101 |
0 |
|
|a rus
|
| 102 |
|
|
|a RU
|
| 105 |
|
|
|a a z 000zb
|
| 200 |
1 |
|
|a Иван Кляйн: Моя судьба - быть томичом
|f Н. А. Белоус [и др.]
|
| 210 |
|
|
|a Томск
|c Д-Принт
|d 2019
|
| 215 |
|
|
|a 224 с.
|c ил.
|
| 330 |
|
|
|a Это автобиография, но лишь отчасти. Поскольку при подготовке книги мы опирались не только наличные воспоминания героя, но и опросили очень многих людей, знающих Ивана Кляйна долгие годы. Это те, кто пересекался с ним в студенчестве, вместе работал на производстве и даже соперничал с ним на выборах. Часть книги мы посвятили воспоминаниям его семьи - жены и детей, ведь именно близкие люди знают нас лучше всего. Своим мнением о нашем герое поделились руководители города и региона, депутаты Законодательной Думы Томской области, директора крупных предприятий. Все вместе они помогли нам составить портрет Ивана Кляйна и рассказать об этой знаковой фигуре в политической жизни Томска. Это своеобразный подарок на юбилей Ивана Григорьевича. Но нам хочется верить, что эта книга заставит вас по-новому взглянуть на масштаб личности этого человека. Итак, знакомьтесь - Иван Кляйн...
|
| 600 |
|
1 |
|a Кляйн
|b И. Г.
|c мэр г. Томска
|c выпускник АВТФ Томского политехнического института
|f (1959- )
|g Иван Григорьевич
|2 stltpush
|3 (RuTPU)RU\TPU\pers\44318
|
| 606 |
1 |
|
|a Государственные и политические деятели Российской Федерации
|x Внутренняя политика
|x Персоналии
|x Произведения
|2 stltpush
|3 (RuTPU)RU\TPU\subj\68275
|9 83703
|
| 610 |
1 |
|
|a политические деятели
|
| 610 |
1 |
|
|a Томск
|
| 610 |
1 |
|
|a 20 век
|
| 610 |
1 |
|
|a мэр
|
| 610 |
1 |
|
|a воспоминания
|
| 686 |
|
|
|a Ф3(2)8
|v LBC/SL-A
|2 rubbk
|
| 701 |
|
1 |
|a Белоус
|b Н. А.
|
| 701 |
|
1 |
|a Кляйн
|b И. Г.
|
| 701 |
|
1 |
|a Кляйн
|b Г. И.
|
| 701 |
|
1 |
|a Доронин
|b В. М.
|
| 701 |
|
1 |
|a Павленко
|b Е. Э.
|
| 801 |
|
1 |
|a RU
|b 63413507
|c 20190715
|
| 801 |
|
2 |
|a RU
|b 63413507
|c 20190909
|g RCR
|
| 942 |
|
|
|c BK
|